000 00909nam a2200289 a 4500
001 15531
003 BD-RjUL
005 20211208235833.0
008 140210s1982 ilua b 001 0 eng
020 _a0256026483
035 _a(BD-RjUL)15586
040 _aDLC
_cDLC
_dDLC
_dBD-RjUL
_beng
041 _aeng
082 0 0 _a658.8
_219
_bMCE 1982
100 1 _aMcCarthy, E. Jerome.
_q(Edmund Jerome)
_948218
245 1 0 _aEssentials of marketing /
_cE. Jerome McCarthy with the assistance of Andrew A. Brogowicz.
250 _aRev. ed.
260 _aHomewood, Ill. :
_bR.D. Irwin,
_cc1982.
300 _axvii, 540 p. :
_bill. ;
_c25 cm.
504 _aIncludes bibliographical references and indexes.
650 0 _aMarketing.
_948219
700 1 _aBrogowicz, Andrew A.
_947899
942 _2ddc
_cBK
999 _c15531
_d15531